Due vite per la vita. La pianificazione naturale delle nascite con il Metodo dell’Ovulazione. Intervista di Angelo Montonati (Record n. 26438)

Dettagli MARC
000 -LEADER
fixed length control field 00716nam a2200265Ia 4500
003 - CONTROL NUMBER IDENTIFIER
control field IT-RoPAU
005 - DATE AND TIME OF LATEST TRANSACTION
control field 20220918175719.0
008 - FIXED-LENGTH DATA ELEMENTS--GENERAL INFORMATION
fixed length control field 120407s9999 xx 000 0 und d
040 ## - CATALOGING SOURCE
Original cataloging agency IT-RoPAU
040 ## - CATALOGING SOURCE
Transcribing agency IT-RoPAU
041 ## - LANGUAGE CODE
Language code of text/sound track or separate title ita
100 ## - MAIN ENTRY--PERSONAL NAME
Personal name Angelo Montonati
9 (RLIN) 35457
245 ## - TITLE STATEMENT
Title Due vite per la vita. La pianificazione naturale delle nascite con il Metodo dell’Ovulazione. Intervista di Angelo Montonati
250 ## - EDITION STATEMENT
Edition statement Cinisello Balsamo
260 ## - PUBLICATION, DISTRIBUTION, ETC. (IMPRINT)
Place of publication, distribution, etc. San Paolo Edizioni
260 ## - PUBLICATION, DISTRIBUTION, ETC. (IMPRINT)
Date of publication, distribution, etc. 1998
300 ## - PHYSICAL DESCRIPTION
Extent 158 p.
300 ## - PHYSICAL DESCRIPTION
Dimensions 20 cm
490 ## - SERIES STATEMENT
Series statement Interviste Verità
490 ## - SERIES STATEMENT
Volume/sequential designation 117
700 ## - ADDED ENTRY--PERSONAL NAME
Personal name Lyn Billings
9 (RLIN) 35458
700 ## - ADDED ENTRY--PERSONAL NAME
Personal name John Billings
9 (RLIN) 35459
942 ## - ADDED ENTRY ELEMENTS (KOHA)
Koha item type LIBRO
Source of classification or shelving scheme Dewey Decimal Classification
Dati di copia
Withdrawn status Lost status Source of classification or shelving scheme Damaged status Not for loan Home library Current library Date acquired Total Checkouts Full call number Date last seen Price effective from Koha item type Public note
    Dewey Decimal Classification Buone Condizioni Not For Loan PAULUS-BIBLIOTECA PAULUS-BIBLIOTECA 11/04/2012   920.1617 11/04/2012 11/04/2012 LIBRO Inserito da: Jole In data: 12 settembre 2011 fondo: Via A.Severo 56 Progr:7125
CREDITS: SOCIETA' SAN PAOLO Via A.Severo, 58 - ROMA (RM) & PERIODICI SAN PAOLO SRL Via Giotto, 36 MILANO & CISF Via Giotto, 36 MILANO & EDIZIONI SAN PAOLO SRL,  Piazza Soncino, 5 CINISELLO BALSAMO (MI) -- ITALY